Đạo hàm dạng xấp xỉ cấp một và hai của ánh xạ đa trị và ứng dụng vào điều kiện tối ưu : Luận văn tốt nghiệp cao học. Chuyên ngành: Toán giải tích
Luận văn trình bày về đạo hàm dạng xấp xỉ cấp một và hai của cả đơn trị và đa trị, cùng nhiều áp dụng để xét điều kiện cần và điều kiện đủ tối ưu và nhiều vấn đề khác liên quan.
Uloženo v:
| Hlavní autor: | |
|---|---|
| Médium: | Kniha |
| Jazyk: | Undetermined |
| Vydáno: |
Cần Thơ
Trường Đại học Cần Thơ
2009
|
| Témata: | |
| Tagy: |
Přidat tag
Žádné tagy, Buďte první, kdo otaguje tento záznam!
|
| Thư viện lưu trữ: | Trung tâm Học liệu Trường Đại học Cần Thơ |
|---|
| LEADER | 01152nam a2200217Ia 4500 | ||
|---|---|---|---|
| 001 | CTU_190741 | ||
| 008 | 210402s9999 xx 000 0 und d | ||
| 082 | |a 515 | ||
| 082 | |b Tr513 | ||
| 088 | |a 604601 | ||
| 100 | |a Nguyễn, Chí Trung | ||
| 245 | 0 | |a Đạo hàm dạng xấp xỉ cấp một và hai của ánh xạ đa trị và ứng dụng vào điều kiện tối ưu : | |
| 245 | 0 | |b Luận văn tốt nghiệp cao học. Chuyên ngành: Toán giải tích | |
| 245 | 0 | |c Nguyễn Chí Trung ; Nguyễn Ngọc Hải (người hướng dẫn) | |
| 260 | |a Cần Thơ | ||
| 260 | |b Trường Đại học Cần Thơ | ||
| 260 | |c 2009 | ||
| 520 | |a Luận văn trình bày về đạo hàm dạng xấp xỉ cấp một và hai của cả đơn trị và đa trị, cùng nhiều áp dụng để xét điều kiện cần và điều kiện đủ tối ưu và nhiều vấn đề khác liên quan. | ||
| 650 | |a Mathematical analysis,Toán giải tích | ||
| 904 | |i Giang | ||
| 980 | |a Trung tâm Học liệu Trường Đại học Cần Thơ | ||